000 03048cam a2200373 4500500
005 20260329021459.0
041 _afre
042 _adc
100 1 0 _aHourmant, Maryvonne
_eauthor
700 1 0 _aAguilera, Didier
_eauthor
700 1 0 _aCarenco, Philippe
_eauthor
700 1 0 _aDeltombe, Clément
_eauthor
700 1 0 _aVérité, Tristan
_eauthor
700 1 0 _aFilipozzi, Pierre
_eauthor
245 0 0 _aRemplacement de l’usage unique par du réutilisable dans les soins en néphrologie
260 _c2025.
500 _a7
520 _aReplacement of disposable by reusable care materiel is a mandatory question in sustainability management in nephrology. Recommandations have already been edited for individual protection in the operating room and the DGOS (Direction générale de l’offre de soins) will soon launch an experimentation in the reuse of some catheters and endoscopes. The literature is unanimous on the advantage, in the fields studied, of reuse over disposable material regarding green house gaz emissions. However, this advantage can be lost when considering water consumption that partly results from washing and sterilization activities. Our article aims to encourage nephrologists to start applying some measures in their clinical practice and be aware of the coming innovations.
520 _aLe remplacement de l’usage unique par du matériel de soins réutilisable est une question incontournable dans la démarche de développement durable de la néphrologie. Des recommandations sur les équipements du bloc opératoire ont déjà été émises. De même, la Direction générale de l’offre de soins (DGOS) va mettre en place une expérimentation de réutilisation de certains cathéters et endoscopes sous l’égide de l’Inspection générale des affaires sociales (IGAS). Les données de la littérature sont unanimes, dans les domaines étudiés, sur l’avantage écologique du réutilisable par rapport à l’usage unique en ce qui concerne l’émission de gaz à effet de serre, tout en regrettant dans certaines publications une augmentation significative de la consommation d’eau, en particulier par le biais de la blanchisserie et de la stérilisation. Cette revue se veut une incitation pour les néphrologues à intégrer certaines mesures dans leur pratique quotidienne et à appréhender les changements à venir en dialyse.
690 _adialyse
690 _aéquipement de protection individuelle
690 _ainsuffisance rénale aiguë
690 _anéphrologie clinique
690 _aréutilisation du matériel
690 _ausage unique
690 _aacute renal failure
690 _aclinical nephrology
690 _adialysis
690 _apersonal protective equipment
690 _areuse of equipment
690 _asingle use
786 0 _nNéphrologie & Thérapeutique | Volume 21 | 1 | 2025-03-06 | p. 49-52 | 1769-7255
856 4 1 _uhttps://stm.cairn.info/revue-nephrologie-et-therapeutique-2025-1-page-49?lang=fr&redirect-ssocas=7080
999 _c1912905
_d1912905